000 00627nam a22002297a 4500
003 UA-OsUOA
001 88623
007 ta
008 20121010b un ||||| |||| 00| 0 ukr d
100 _aЯковлев А.
090 _a821.161.2
_bЯ47
942 _cBK
040 _aUA-OsUOA
_brus
_cUA-OsUOA
_dUA-OsUOA
245 _aЦель жизни
_bзаписки авиаконструктора
300 _a511 с.
955 _a3
041 _arus
080 _a821.161.2
260 _aМ.
_bПолитиздат
_c1987
650 7 _a82 Література. Літературознавство
_2UDC
999 _c374677
_d374677